Fuenteovejuna
Պահպանված է:
| Հիմնական հեղինակ: | |
|---|---|
| Ձևաչափ: | Գիրք |
| Լեզու: | իսպաներեն |
| Հրապարակվել է: |
Buenos Aires
Losada
1942
|
| Շարք: | Las Cien Obras Maestras de la Literatura y del Pensamiento Universal, 6
|
| Խորագրեր: | |
| Ցուցիչներ: |
Ավելացրեք ցուցիչ
Չկան պիտակներ, Եղեք առաջինը, ով նշում է այս գրառումը!
|
MARC
| LEADER | 00000nam a2200000 a 4500 | ||
|---|---|---|---|
| 001 | UCY2057 | ||
| 003 | CL-VaPUC | ||
| 008 | 941006e19420000AG |||||||||||||||||spa|d | ||
| 082 | 0 | 4 | |a 862 |b VEG |2 21 |
| 100 | 0 | |a Vega, Lope de |e author |9 319628 | |
| 245 | 1 | 0 | |a Fuenteovejuna |
| 246 | 1 | 0 | |a Peribañez y el comendador de Ocaña |
| 246 | 1 | 3 | |a El mejor alcalde, el rey |
| 300 | |a 262 p | ||
| 942 | |c BK | ||
| 945 | |d 19941006 00:00:00 |a oaravena | ||
| 260 | |a Buenos Aires |b Losada |c 1942 | ||
| 650 | 0 | |a Teatro español |9 265077 | |
| 583 | |a last modification |c 19941006 00:00:00 |k Rodrigo Vera | ||
| 490 | 0 | |a Las Cien Obras Maestras de la Literatura y del Pensamiento Universal, 6 | |
| 999 | |c 230567 |d 230565 | ||
| 952 | |0 0 |1 0 |4 0 |6 862_000000000000000_VEG_1942 |7 0 |8 R |9 232938 |a BIBEDU |b BIBEDU |c MCIRC |d 2019-11-15 |i 3023915 |o 862 VEG 1942 |p 3023915 |r 2023-01-13 |w 2019-11-15 |y BK_R |k LIT | ||